|
|
|
|
| LEADER |
00000nab a2200000uu 4500 |
| 001 |
vtls011501920 |
| 003 |
SK-MaSNL |
| 005 |
20260303190420.0 |
| 008 |
230218|2010 xo |||||||||||||||||eng| |
| 015 |
|
|
|a SNBRB
|
| 035 |
|
|
|a (urnnbn)urn:nbn:sk:snk:ar-a0ah00
|
| 035 |
|
|
|a (uuid)b0f7e984-96cb-478d-ac4e-d363cb7c4789
|
| 035 |
|
|
|a urn:nbn:sk:snk-abdw5h
|
| 040 |
|
|
|a SNKBUCL
|b slo
|c SNKBUCL
|e AACR2
|
| 041 |
0 |
|
|a eng
|
| 044 |
|
|
|a xo
|c SK
|
| 100 |
1 |
|
|a Rástočný, Karol,
|d 1958-
|4 aut
|9 230879
|
| 245 |
1 |
0 |
|a SAFETY EVALUATION OF FAIL-SAFE FIELDBUS IN SAFETY RELATED CONTROL SYSTEM
|c Karol Rástočný, Mária Franeková
|
| 700 |
1 |
|
|a Franeková, Mária,
|d 1961-2018
|4 aut
|9 197287
|
| 773 |
0 |
|
|t Journal of electrical engineering
|g Roč. 61, č. 6 (2010), s. [350]-356
|
| 958 |
|
|
|a OND
|
| 958 |
|
|
|a EUIPO
|
| 958 |
|
|
|a article20
|
| 999 |
|
|
|c 2136151
|d 2138081
|